| Tag |
First Indicator |
Second Indicator |
Subfields |
| LEADER |
00000cam a2200000Ia 4500 |
| 001 |
in00004513541 |
| 005 |
20231120164156.9 |
| 008 |
060620s2010 nyua b 001 0 eng d |
| 020 |
|
|
|a 9780071635158
|
| 020 |
|
|
|a 9780071590877 (pbk.)
|
| 020 |
|
|
|a 0071590870 (pbk.)
|
| 020 |
|
|
|a 0071635157
|
| 029 |
1 |
|
|a AU@
|b 000044856343
|
| 029 |
1 |
|
|a NZ1
|b 13121748
|
| 029 |
1 |
|
|a ZWZ
|b 137659504
|
| 035 |
|
|
|a (OCoLC)ocn436915825
|
| 035 |
|
|
|a (OCoLC)436915825
|
| 035 |
|
|
|z (UtOrBLW)50632
|
| 035 |
|
|
|a 71357
|
| 040 |
|
|
|a ZCH
|c ZCH
|d B2A
|d YDXCP
|d VAM
|d COU
|d WUOHS
|d ZWZ
|d TMV
|d UtOrBLW
|
| 049 |
|
|
|a TMVM
|c 1
|
| 050 |
1 |
4 |
|a RD35
|b .C89 2010
|
| 060 |
|
4 |
|a WO 100
|b C976 2010
|
| 245 |
0 |
0 |
|a Current diagnosis & treatment surgery /
|c edited by Gerard M. Doherty.
|
| 246 |
3 |
|
|a Current diagnosis and treatment surgery
|
| 246 |
3 |
|
|a Current surgical diagnosis & treatment
|
| 250 |
|
|
|a Thirteenth edition.
|
| 264 |
|
1 |
|a New York :
|b Lange Medical Books/McGraw-Hill,
|c [2010]
|
| 264 |
|
4 |
|c ©2010
|
| 300 |
|
|
|a xii, 1312 pages :
|b illustrations ;
|c 24 cm.
|
| 336 |
|
|
|a text
|b txt
|2 rdacontent
|
| 337 |
|
|
|a unmediated
|b n
|2 rdamedia
|
| 338 |
|
|
|a volume
|b nc
|2 rdacarrier
|
| 490 |
0 |
|
|a Lange medical book
|
| 500 |
|
|
|a Previously published as: Current surgical diagnosis & treatment, c2006, 12th edition.
|
| 504 |
|
|
|a Includes bibliographical references and index.
|
| 505 |
0 |
|
|a Approach to the surgical patient -- Training, communication, professionalism, and systems-based practice -- Peroperative care -- Postoperative care -- Postoperative complications -- Wound healing -- Power sources in surgery -- Inflammation, infection, & antimicrobial therapy -- Fluid & electrolyte management -- Surgical metabolism & nutrition -- Anesthesia -- Shock & acute pulmonary failure in surgical patients -- Management of the injured patient -- Burns & other thermal injuries -- Otolaryngology-head & neck surgery -- Thyroid & parathyroid -- Breast disorders -- Thoracic wall, pleura, mediastinum, & lung -- The heart: I. surgical treatment of acquired cardiac disease [and] II. congenital heart disease -- Esophagus & diaphragm -- The acute abdomen -- Peritoneal cavity -- Stomach & duodenum -- Liver & portal venous system -- Biliary tract -- Pancreas -- Spleen -- Appendix -- Small intestine -- Large intestine -- Anorectum -- Hernias & other lesions of the abdominal wall -- Adrenals -- Arteries -- Veins & lymphatics -- neurosurgery -- The eye & ocular adnexa -- Urology -- Gynecology -- Orthopedic surgery -- Plastic & reconstructive surgery -- Hand surgery -- Pediatric surgery -- Oncology -- Organ transplantation.
|
| 650 |
|
0 |
|a Surgery.
|
| 650 |
|
0 |
|a Diagnosis, Surgical
|v Handbooks, manuals, etc.
|
| 650 |
|
0 |
|a Surgery, Operative
|v Handbooks, manuals, etc.
|
| 650 |
|
2 |
|a Surgical Procedures, Operative.
|
| 650 |
|
2 |
|a Diagnostic Techniques, Surgical.
|
| 650 |
|
2 |
|a Diagnosis, Differential.
|
| 650 |
|
2 |
|a Perioperative Care.
|
| 700 |
1 |
|
|a Doherty, Gerard M.
|
| 710 |
2 |
|
|a McGraw-Hill Companies.
|
| 730 |
0 |
|
|a Current surgical diagnosis & treatment.
|
| 948 |
|
|
|a Not on shelf during 2022/2023 collection reduction project, claimed as RIC. Give to RMS for processing.
|
| 999 |
|
|
|a MARS
|
| 999 |
f |
f |
|s 29fec541-6a15-3e7d-8945-5a3ec8051049
|i cda941db-4ef9-38a0-8485-1684da9a2ced
|t 0
|
| 952 |
f |
f |
|p ric
|a Texas A&M University
|b Rellis Campus
|c Joint Library Facility
|d Remote Storage
|t 0
|e WO 100 C976 2010
|h National Library of Medicine classification
|i unmediated -- volume
|m 3238902093242
|
| 998 |
f |
f |
|a WO 100 C976 2010
|t 0
|l Remote Storage
|